Manažment podnikov [vedecký časopis]
Guardado en:
| Formato: | Seriadas |
|---|---|
| Lenguaje: | eslovaco |
| Publicado: |
Prešov
Vydavateľstvo Universum-EU
2021
|
| Materias: | |
| Etiquetas: |
Sin Etiquetas, Sea el primero en etiquetar este registro!
|
MARC
| LEADER | 00000nas2a2200000 4500 | ||
|---|---|---|---|
| 001 | 0303801 | ||
| 005 | 20240823112137.9 | ||
| 022 | |a 1338-4104 | ||
| 041 | 0 | |a slo | |
| 044 | |a SK | ||
| 245 | 1 | 0 | |a Manažment podnikov |b [vedecký časopis] |
| 264 | 1 | |a Prešov |b Vydavateľstvo Universum-EU |c 2021 | |
| 773 | 0 | |w eu_un_cat*0268347 | |
| 610 | 2 | 0 | |a manažment |
| 610 | 2 | 0 | |a podnik |
| 610 | 2 | 0 | |a manažéri |
| 610 | 2 | 0 | |a kontroling |
| 610 | 2 | 0 | |a nástroje riadenia |
| 610 | 2 | 0 | |a riadenie podnikové |
| 610 | 2 | 0 | |a riadenie zmien |
| 610 | 2 | 0 | |a etika podnikateľská |